| 000 | 00686nam a22002177a 4500 | ||
|---|---|---|---|
| 003 | OSt | ||
| 005 | 20230925101808.0 | ||
| 008 | 221006b |||||||| |||| 00| 0 eng d | ||
| 040 | _cLado V | ||
| 082 |
_a736.4 _bG182a |
||
| 100 |
_91097 _aGalvez, Alfonso _eautor |
||
| 245 | _aFirst Works/ | ||
| 260 |
_bMuseum of Belize _c2000 _aBelize |
||
| 300 |
_c20x29cm _a11p. |
||
| 366 | _espa | ||
| 650 |
_2Tesauro de Arte & Arquitectura _aARTE _9703 |
||
| 650 |
_2Tesauro de Arte & Arquitectura _aCOLECCION _9702 |
||
| 650 |
_2Tesauro de Arte & Arquitectura _aESCULTURA _9703 |
||
| 650 |
_2Tesauro de Arte & Arquitectura _aCONSTRUCCION |
||
| 942 |
_2ddc _c1 _h736.4 _iG182a _n0 |
||
| 999 |
_c4388 _d4388 |
||